| 000 | 00939cam a22002897a 4500 | ||
|---|---|---|---|
| 003 | CHAP | ||
| 005 | 20220817042346.0 | ||
| 008 | 971013s1986 r 00010 d | ||
| 010 | _a42021 | ||
| 011 | _a42993 | ||
| 035 | _a47123 | ||
| 040 | _cCHAP | ||
| 082 |
_a301.35 _bE8 |
||
| 110 |
_aEscuela Superior de Agricultura Hermanos Escobar. Ciudad Juárez, Chih. _937617 |
||
| 245 | 1 | 3 | _aEl progreso científico técnico y el desarrollo rural mexicano |
| 260 |
_aCd. Juárez, Chih. : _bLa Escuela, _c1986 |
||
| 300 | _a84 p. | ||
| 590 |
_aBATCH-UPD _b10 _c20130110 _lUCH01 _h0955 |
||
| 590 |
_aBATCH-UPD _b10 _c20130410 _lUCH01 _h0608 |
||
| 590 |
_aBATCH-UPD _b10 _c20130914 _lUCH01 _h1155 |
||
| 590 |
_aCONVERSION _b10 _c20130109 _lUCH01 _h1323 |
||
| 650 | 1 | 4 |
_aDesarrollo rural. _932067 |
| 650 | 1 | 4 |
_aMéxico _xCondiciones rurales. |
| 901 | _aBK | ||
| 942 | _cLIBRO | ||
| 949 |
_a301.35 E8 _bBC _cLIBRO _d33724000293791 _eLIBRO _h71902 _i47123 _si |
||
| 999 |
_c42021 _d42021 |
||